000 00610nam a22002172 4500
001 0000002972
005 20151217151910.0
008 070424s xx 000 0 eng d
020 _a0333730976 :
_cKES 4,390
040 _aKABU
_cKABU
050 0 _aHG3881
_b.P55 1998
100 1 _aPilbeam, Keith.
_@0000152531
245 1 0 _aInternational finance.
250 _a2nd ed.
260 _aBasingstoke, England :
_bPalgrave,
_c1998.
300 _axxviii, 488 p.
650 0 _aInternational finance.
_@0000149975
908 _a070424
950 _@1
999 _c6140
_d6140